header

Ethics in epidemiology and public health practice (Record no. 228062)

MARC details
000 -LEADER
fixed length control field 02381nam a2200361 a 4500
082 04 - DEWEY DECIMAL CLASSIFICATION NUMBER
Classification number 174/.2
100 1# - MAIN ENTRY--AUTHOR NAME
Personal name Coughlin, Steven S.
245 10 - TITLE STATEMENT
Title Ethics in epidemiology and public health practice
250 ## - EDITION STATEMENT
Edition statement 2nd ed.
260 ## - PUBLICATION, DISTRIBUTION, ETC. (IMPRINT)
Place of publication Washington, D.C. :
Name of publisher American Public Health Association,
Year of publication c2009.
300 ## - PHYSICAL DESCRIPTION
Number of Pages iv, 153 p.
505 0# - FORMATTED CONTENTS NOTE
Formatted contents note Ethics in epidemiology at the end of the twentieth century : ethics, values, and mission statements -- Ethics in epidemiology : common misconceptions, paradoxes, and unresolved questions -- How many principles for public health ethics? -- Ethically optimized study designs in epidemiology -- Ethical issues in epidemiologic research and public health practice -- Ethics in cancer registries / with Gayle G. Clutter and Mary Hutton -- Organizational ethics and public health practice / with Drue H. Barrett and Richard E. Dixon -- Model curricula in public health ethics -- Ethics instruction at schools of public health in the United States / with Wendy Katz and Donald Mattison -- Using cases with contrary factual information to illustrate and facilitate ethical analysis -- New ethics guidelines for epidemiology : background and rationale / with Douglas L. Weed -- American College of Epidemiology ethics guidelines for epidemiologists / with Germaine Buck ... [et al.].
650 #0 - SUBJECT ADDED ENTRY--TOPICAL TERM
Topical Term Epidemiologists
Topical Term Public health personnel
856 40 - ELECTRONIC LOCATION AND ACCESS
Uniform Resource Identifier http://site.ebrary.com/lib/rucke/Doc?id=10486822

No items available.

© 2026 Rongo University
Contact us: librarian | system librarian | Rongo university